000 00892cab a2200265 4500
001 WB3346-12
008 090401t1997 xxu||||| |||| 00| 0 eng d
035 _a(Sirsi) u82372
041 _aeng
245 _aMotorway affects rental growth
260 _c1997
350 _a0
490 _aBirmingham Post
_v27 November 1997, 27(1)
520 _aNew research from Lambert Smith Hampton shows that the M40 has encouraged commercial property market growth in the Midlands, especially in Leamington, Warwick and Solihull.
650 _aINDUSTRIAL DEVELOPMENT
650 _aLEAMINGTON SPA
650 _aM40 CORRIDOR
650 _aPROPERTY-COMMERCIAL PROPERTY-OFFICE PROPERTY-OFFICE PROPERTY MARKET
650 _aSOLIHULL
650 _aWARWICK
650 _aWEST MIDLANDS
690 _aPROPERTY-COMMERCIAL PROPERTY-COMMERCIAL PROPERTY MARKET
942 _n0
948 _c27/11/1997
999 _c51993
_d51993